Literacy, culture and development (Becoming literate in Morocco)
Gardado en:
| Autor Principal: | |
|---|---|
| Formato: | Libro |
| Idioma: | Undetermined |
| Publicado: |
Cambridge, New York
Cambridge Univ. Press
1993
|
| Những chủ đề: | |
| Các nhãn: |
Engadir etiqueta
Sen Etiquetas, Sexa o primeiro en etiquetar este rexistro!
|
| Thư viện lưu trữ: | Trung tâm Học liệu Trường Đại học Cần Thơ |
|---|
| LEADER | 00595nam a2200193Ia 4500 | ||
|---|---|---|---|
| 001 | CTU_27192 | ||
| 008 | 210402s9999 xx 000 0 und d | ||
| 020 | |b 23.72Dfl | ||
| 082 | |a 302.2244 | ||
| 082 | |b W132 | ||
| 100 | |a Daniel A Wagner | ||
| 245 | 0 | |a Literacy, culture and development (Becoming literate in Morocco) | |
| 245 | 0 | |c Daniel A Wagner | |
| 260 | |a Cambridge, New York | ||
| 260 | |b Cambridge Univ. Press | ||
| 260 | |c 1993 | ||
| 650 | |a literacy - morocco,literacy - social aspects - morocco | ||
| 904 | |i Minh, 981203 | ||
| 980 | |a Trung tâm Học liệu Trường Đại học Cần Thơ | ||